Southville International School and Colleges
Your cart is empty.
  • Cart
  • Lists
    Public lists Eva Luna New books Lux_list list_1
    Your lists Log in to create your own lists
  • Log in to your account
  • Your cookies
  • Search history
Southville International School and Colleges
  • Advanced search
  • Recent comments
  • Most popular
  • Libraries

Log in to your account

Log in with GOOGLE


If you do not have an external account, but do have a local account, you can still log in:

  1. Home
  2. MARC view: Birds of prey :
Normal view MARC view ISBD view

Birds of prey : (Record no. 10989)

[ view plain ]
MARC details
000 -LEADER
fixed length control field 00607nam a22002057a 4500
003 - CONTROL NUMBER IDENTIFIER
control field LC
005 - DATE AND TIME OF LATEST TRANSACTION
control field 20160310150858.0
008 - FIXED-LENGTH DATA ELEMENTS--GENERAL INFORMATION
fixed length control field 130912t xxu||||| |||| 00| 0 eng d
020 ## - INTERNATIONAL STANDARD BOOK NUMBER
International Standard Book Number 9780062088123
050 ## - LIBRARY OF CONGRESS CALL NUMBER
Classification number PS 3560.
Item number .J33 2001
082 ## - DEWEY DECIMAL CLASSIFICATION NUMBER
Classification number FIC
Item number J25b 2001
100 ## - MAIN ENTRY--PERSONAL NAME
Personal name Jance, Judith A.
9 (RLIN) 18515
245 ## - TITLE STATEMENT
Title Birds of prey :
Remainder of title a novel of suspense
Statement of responsibility, etc Judith A. Jance
260 ## - PUBLICATION, DISTRIBUTION, ETC. (IMPRINT)
Place of publication, distribution, etc New York :
Name of publisher, distributor, etc Avon Books,
Date of publication, distribution, etc c2001.
300 ## - PHYSICAL DESCRIPTION
Extent 404 p.
Dimensions 17 cm.
650 ## - SUBJECT ADDED ENTRY--TOPICAL TERM
Topical term or geographic name as entry element Beaumont, J. P. (Fictitious character) -- Fiction.
650 ## - SUBJECT ADDED ENTRY--TOPICAL TERM
Topical term or geographic name as entry element Ex-police officers -- Fiction.
942 ## - ADDED ENTRY ELEMENTS (KOHA)
Source of classification or shelving scheme Library of Congress Classification
Koha item type Books
Holdings
Withdrawn status Lost status Source of classification or shelving scheme Damaged status Home library Current library Shelving location Date acquired Total Checkouts Full call number Barcode Date last seen Copy number Price effective from Koha item type
    Library of Congress Classification   Luxembourg Library Luxembourg Library Fiction Section 09/12/2013   PS 3560 .J33 2001 14315 09/12/2013 1 09/12/2013 Books

Birds of prey :

APA

Jance J. A., . (2001). Birds of prey. New York: Avon Books.

Chicago

Jance Judith A, . 2001. Birds of prey. New York: Avon Books.

Harvard

Jance J. A., . (2001). Birds of prey. New York: Avon Books.

MLA

Jance Judith A, . Birds of prey. New York: Avon Books. 2001.

  • Place hold
  • Print
  • Cite
  • Add to your cart (remove)
  • Save record
    BIBTEX Dublin Core MARCXML MARC (non-Unicode/MARC-8) MARC (Unicode/UTF-8) MARC (Unicode/UTF-8, Standard) MODS (XML) RIS
  • More searches
    Search for this title in:
    Other Libraries (WorldCat) Other Databases (Google Scholar) Online Stores (Bookfinder.com) Open Library (openlibrary.org)

Exporting to Dublin Core...

SOUTHVILLE LIBRARY

Southville International School and Colleges Library

1281 Tropical Ave. Cor. Luxembourg St., BF Homes International, Las Pinas City

Tel. No. 8256374 / 252358 Loc. 117/146

Powered by Koha